A genre analysis of laptop and computer press releases /
Saved in:
| 主要作者: | |
|---|---|
| 格式: | Thesis 图书 |
| 语言: | English |
| 出版: |
2019.
|
| 主题: | |
| 在线阅读: | http://studentsrepo.um.edu.my/12963/ |
| 标签: |
添加标签
没有标签, 成为第一个标记此记录!
|
| LEADER | 01394cam a2200349 i 4500 | ||
|---|---|---|---|
| 001 | u1122856 | ||
| 003 | SIRSI | ||
| 005 | 201909191502 | ||
| 008 | 190919s2019 my a m 000 0 eng | ||
| 040 | |a UMM |d AUM |e rda | ||
| 090 | |a PE1128 |b UM 2019 Chr | ||
| 100 | 0 | |a Christina Devi Kulandasamy, |e author. | |
| 245 | 1 | 2 | |a A genre analysis of laptop and computer press releases / |c Christina Devi Kulandasamy. |
| 264 | 1 | |c 2019. | |
| 300 | |a xv, 112 leaves : |b illustrations (some colour) ; |c 30 cm | ||
| 336 | |a text |2 rdacontent | ||
| 337 | |a unmediated |2 rdamedia | ||
| 337 | |a computer |2 rdamedia | ||
| 338 | |a volume |2 rdacarrier | ||
| 338 | |a computer disc |2 rdacarrier | ||
| 502 | |b M.E.S.L. |c Jabatan Bahasa Inggeris, Fakulti Bahasa dan Linguistik, Universiti Malaya |d 2019. | ||
| 504 | |a Bibliopraphy: leaves 109-112. | ||
| 530 | |a Also Issued in CD. | ||
| 650 | 0 | |a Press releases. | |
| 650 | 0 | |a Public relations. | |
| 650 | 0 | |a Laptop computers. | |
| 710 | 2 | |a Universiti Malaya. |b Jabatan Bahasa Inggeris, |e degree granting institution. | |
| 856 | 4 | 1 | |u http://studentsrepo.um.edu.my/12963/ |
| 900 | |a HH NSM | ||
| 596 | |a 1 25 | ||
| 999 | |a PE1128 UM 2019 CHR |w LC |c 1 |i A517347005 |f 27/9/2019 |g 1 |l RESTRICTED |m P01UTAMA |r Y |s Y |t TESIS |u 27/9/2019 |1 AHSS |o .PUBLIC. |o .STAFF. | ||
| 999 | |a PE1128 UM 2019 CHR |w LC |c 1 |i A517277278 |f 7/12/2021 |g 1 |l STACKS |m P25UMARCHI |r N |s Y |t CD |u 7/12/2021 |1 AHSS |o .STAFF. MST-CD324 | ||
